Statistics for Most populated cities of countries where the most populated city is no

Click here to take the quiz!

General Stats

  • This quiz has been taken 15 times
  • The average score is 21 of 35

Answer Stats

CountryMost populated city% Correct
LiechtensteinSchaan
100%
AustraliaSydney
100%
CanadaToronto
100%
New ZealandAuckland
93%
UAEDubai
93%
TurkiyeIstanbul
93%
NigeriaLagos
93%
USANew York
93%
BrazilSao Paulo
93%
BelizeBelize City
87%
MoroccoCasablanca
87%
South AfricaJohannesburg
87%
PakistanKarachi
87%
IndiaMumbai
87%
ChinaShanghai
87%
KazakhstanAlmaty
80%
VietnamHo Chi Minh
80%
Ivory CoastAbidjan
67%
TanzaniaDar es Salaam (but it is a de facto capital)
67%
EcuadorGuayaquil
67%
MyanmarYangon
67%
BeninCotonou
47%
CameroonDouala
47%
PalauKoror
27%
MaltaSaint Pauls Bay
20%
BoliviaSanta Cruz de la Sierra
20%
GambiaSerekunda
20%
Trinidad and TobagoChaguanas
13%
San MarinoDogana
13%
EswatiniManzini
13%
Equatorial GuineaBata
7%
KiribatiBetio
7%
Marshall IslandsEbeye
7%
FijiNasinu
7%
MicronesiaWeno
7%

Score Distribution

Percentile by Number Answered

Percent of People with Each Score

Your Score History

You have not taken this quiz